| Tag |
First Indicator |
Second Indicator |
Subfields |
| LEADER |
00000cam a22000001i 4500 |
| 001 |
in00003972575 |
| 006 |
m d f |
| 007 |
cr bn mmmapmmp |
| 008 |
360725s1936 dcu o f000 0 eng d |
| 005 |
20250210234319.4 |
| 035 |
|
|
|a ebd1933004876
|
| 040 |
|
|
|a UMI
|c UMI
|e rda
|d UtOrBLW
|
| 086 |
0 |
|
|a Y 3.N 21/5:8/811
|
| 099 |
|
|
|a Y3.N21_5..8_811
|
| 110 |
1 |
|
|a United States.
|b National Advisory Committee for Aeronautics.
|0 http://id.loc.gov/authorities/names/n79060141
|
| 245 |
1 |
4 |
|a The impact on floats or hulls during landing as affected by bottom width.
|
| 264 |
|
1 |
|a [Washington] :
|b [s.n.],
|c 1936.
|
| 300 |
|
|
|a 1 online resource (22 pages), digital, PDF file
|
| 336 |
|
|
|a text
|b txt
|2 rdacontent
|
| 337 |
|
|
|a computer
|b c
|2 rdamedia
|
| 338 |
|
|
|a online resource
|b cr
|2 rdacarrier
|
| 500 |
|
|
|a Translation by S. Reiss of an article in Luftfahrtforschung, volume 13, number 5, May 20, 1936, pp. 148-154.
|
| 533 |
|
|
|a Electronic reproduction.
|b [Bethesda, Md.] :
|c ProQuest,
|d 2016
|e digital, PDF file.
|n ProQuest U.S. Executive Branch Documents
|n Mode of access: World Wide Web via ProQuest website.
|
| 588 |
|
|
|a Record is based on online resource; title from PDF title page (ProQuest, last viewed July 2016). Reuse except for individual research requires license from ProQuest, LLC.
|
| 650 |
|
0 |
|a Airplanes.
|0 http://id.loc.gov/authorities/subjects/sh85002782
|
| 650 |
|
0 |
|a Aeronautics
|x Research.
|0 http://id.loc.gov/authorities/subjects/sh85001350
|
| 650 |
|
0 |
|a Mathematical models.
|0 http://id.loc.gov/authorities/subjects/sh85082124
|
| 856 |
4 |
0 |
|u http://proxy.library.tamu.edu/login?url=http://congressional.proquest.com/congressional/docview/t66.d71.y3.n21_5..8_811?
|y Electronic resource (PDF)
|t 0
|
| 999 |
f |
f |
|s d59e6933-c214-3063-8578-e8fb2dbbe868
|i fb25a0ad-11fb-3a20-ae48-f9096463fce4
|t 0
|
| 952 |
f |
f |
|a Texas A&M University
|b College Station
|c Electronic Resources
|d Available Online
|t 0
|h No information provided
|
| 998 |
f |
f |
|t 0
|l Available Online
|